Roda que roda (Record no. 46356)
[ view plain ]
| 000 -LÍDER | |
|---|---|
| campo de controle de tamanho fixo | 00874 a2200253 4500 |
| 001 - NÚMERO DE CONTROLE | |
| campo de controle | 46356 |
| 020 ## - ISBN - INTERNATIONAL STANDARD BOOK NUMBER | |
| ISBN - International Standard Book Number | 9788599306420 |
| 041 ## - CÓDIGO DE IDIOMA | |
| Código do idioma do texto/trilha sonora ou título diferente | por |
| 082 ## - CDD - CLASSIFICAÇÃO DECIMAL DE DEWEY | |
| Número de Classificação | 028.5 |
| 040 ## - FONTE DA CATALOGAÇÃO | |
| Instituição da catalogação original | BR-BrIDEA |
| Instituição que transcreveu o registro | BR-BrIDEA |
| 090 ## - NÚMERO DE CHAMADA LOCAL | |
| Número de chamada (OCLC) (R); Número de chamada, CALL (RLIN) (NR) | SK 028 |
| Número Cutter local (OCLC); Número de classificação do livro, CALL (RLIN) | DIA |
| 100 ## - ENTRADA PRINCIPAL--NOME PESSOAL | |
| Nome pessoal | Dias, Vera Lúcia |
| Datas associadas ao nome | 1947 |
| 250 ## - EDIÇÃO | |
| Edição | 2.ed. |
| 245 10 - TÍTULO | |
| Título | Roda que roda |
| Indicação de responsabilidade, etc. | Vera Lúcia Dias |
| 260 ## - PUBLICAÇÃO, DISTRIBUIÇÃO, ETC. | |
| Local de publicação, distribuição, etc. | São Paulo |
| Nome do editor, distribuidor, etc. | Elementar |
| Data da publicação, distribuição, etc. | 2011 |
| 300 ## - DESCRIÇÃO FÍSICA | |
| Extensão | 27 p. |
| 490 ## - TÍTULO DA SÉRIE | |
| Título da série | Vai começar a brincadeira |
| 520 ## - NOTA DE RESUMO, ETC | |
| Resumo, etc. | Bia e seu irmão gostam muito de brincar de roda. Um dia ganham um lindo pião do papai e a brincadeira fica mais divertida. Cada um roda, roda, roda, mas papai quase não larga o pião. Mamãe, esperta, presenteia cada um com um pião para a brincadeira não parar. |
| 521 ## - NOTA DO PÚBLICO ALVO | |
| Nota de público alvo | IK |
| 697 ## - ENTRADA DE ASSUNTO LOCAL--ENTIDADE COLETIVA (RLIN) | |
| Nome corporativo ou nome da jurisdição | Literatura infantojuvenil. |
| 830 ## - ENTRADA SECUNDÁRIA DE SÉRIE--TÍTULO UNIFORME | |
| Título uniforme | Vai começar a brincadeira |
| 856 ## - LOCALIZAÇÃO ELETRÔNICA E ACESSO | |
| Uniform Resource Identifier | <a href="000029/0000299a.jpg">000029/0000299a.jpg</a> |
| 942 ## - ELEMENTOS DE ENTRADA ADICIONADOS (KOHA) | |
| Tipo de material Koha | Livros |
| Situação do descarte | Situação das perdas | Situação física | Não pode ser emprestado | Biblioteca de origem | Biblioteca atual | Data de aquisição | Total de empréstimos | Número de chamada completo | Código de barras | Data de último acesso | Data do preço efetivo | Tipo de material Koha | Fonte da classificação ou esquema de arquivamento na estante | Data do último empréstimo |
|---|---|---|---|---|---|---|---|---|---|---|---|---|---|---|
| Colégio Anchieta - Aquarius | Colégio Anchieta - Aquarius | 21/11/2023 | LI 028.5 DIA ROD | 4100/AQU | 21/11/2023 | 21/11/2023 | Livros | |||||||
| ECB - SUDOESTE | ECB - SUDOESTE | 11/04/2013 | 1 | SK 028 DIA | 00001416SSW | 18/06/2024 | 23/01/2024 | Livros | Classificação Decimal de Dewey | 03/06/2024 | ||||
| ECB - ÁGUAS CLARAS | ECB - ÁGUAS CLARAS | 13/04/2015 | A SK 028 DIA | 00015059AGC | 23/01/2024 | 23/01/2024 | Livros | Classificação Decimal de Dewey |